| 000 | 00803nam a2200265Ia 4500 | ||
|---|---|---|---|
| 003 | OSt | ||
| 005 | 20220918164340.0 | ||
| 006 | a|||||r|||| 00| 0 | ||
| 007 | ta | ||
| 008 | 220917b |||||||| |||| 00| 0 eng d | ||
| 020 | _a0521622549 (hbk) | ||
| 024 | _a46,212 | ||
| 037 | _cTextual | ||
| 040 |
_aARTS _cARTS _beng |
||
| 041 |
_2eng _aeng |
||
| 082 | _aO111:g(Y15), N8 | ||
| 100 |
_aMatchinske Megan _918479 |
||
| 245 | 0 |
_aWriting, gender and state in early England _b identity formation and tahe female subject |
|
| 260 |
_aCambridge _bCUP _c1998 |
||
| 300 |
_axi,247p. _ccm. |
||
| 490 | _aCambridge studies in renaissance literature and culture | ||
| 650 | _aENGLISH LITERATURE | ||
| 942 |
_hO111:g(Y15), N8 _cTEXL _2CC |
||
| 999 |
_c124386 _d124386 |
||